00694nam a2200169 i 450000100060000000300090000600500170001500700030003200800410003510000370007624501510011326001240026430000200038850000240040871000580043285200340049085307ES-MaACL20230906175223.0t|041126s1954 sp ||||1| spa d1 aJordan de Urries y Azara, Jaime.10aMapa forestal de la provincial de Lérida b: memoria adjunta al mapa forestal de la provincial de Lérida / cJaime Jordán de Urries y Azara. aMadrid : bMinisterio de Agricultura, Instituto Forestal de Investigaciones y Experiencias, c1954 (fTip. Artística) a2 v. ; c26 cm. aEl v. 1º de mapas.2 aInstituto Forestal de Investigaciones y Experiencias. aES-MaACLjC-8606-07 bR.36306